| 000 | 00608nam a2200217 a 4500 | ||
|---|---|---|---|
| 008 | |||
| 020 | _a0140514481 (pbk.) | ||
| 049 | _aMAIN | ||
| 090 | _aGN710 PEN | ||
| 245 |
_aThe Penguin archeology guide / _cedited by Paul Bahn. |
||
| 260 |
_aLondon : _bPenguin Books, _c2002. |
||
| 300 |
_aix, 494 p. : _bill. ; _c24 cm. |
||
| 504 | _aIncludes bibliographical references. | ||
| 650 | _aArcheology. | ||
| 700 | _aBahn, Paul. | ||
| 907 |
_a.b10212218 _b09-10-15 _c28-08-06 |
||
| 003 | |||
| 005 | 20230123134239.0 | ||
| 040 | _cNUST | ||
| 942 |
_cBOOKS _kGN710 PEN |
||
| 999 |
_c162585 _d162585 |
||